Normal view
MARC view
- Llewellyn, A. Bronwyn
Entry Personal Name
001 - CONTROL NUMBER
- control field: 96666
003 - CONTROL NUMBER IDENTIFIER
- control field: NUST
005 - DATE AND TIME OF LATEST TRANSACTION
- control field: 20220807152910.0
008 - FIXED-LENGTH DATA ELEMENTS
- fixed length control field: 220807|| aca||aabn | a|a d
040 ## - CATALOGING SOURCE
- Original cataloging agency: NUST
- Transcribing agency: NUST
100 ## - HEADING--PERSONAL NAME
- Personal name: Llewellyn, A. Bronwyn
- Fuller form of name: (Anita Bronwyn)
670 ## - SOURCE DATA FOUND
- Source citation: Work cat.: (NUST)0: Llewellyn, A. Bronwyn (Anita Bronwyn), The everything career tests book :, c2007.
